90210 Names Quiz Stats

 Plays Quiz not verified by Sporcle

Challenge
Share
Tweet
Score 0/21 Timer 03:00
0 Plays Today
% Correct
Naomi & Jen
96.9%
Annie & Dixon
96.7%
Adrianna
96.5%
Navid
96%
Erin
95.3%
Teddy
94.6%
Liam
92.5%
Ryan
88.6%
Ivy
88.3%
Ethan
82.7%
Raj
81.6%
% Correct
Kelly
81%
Max
79.7%
Brenda
76.9%
Ty
75.5%
Jasper
72.2%
Vanessa
69.3%
Austin
67.7%
Laurel
65.6%
Gia
65.1%
Victor
62.7%

You're not logged in!

Compare scores with friends on all Sporcle quizzes.
Join for Free
OR
Log In

You Might Also Like...

Show Comments

Extras

Created Jan 15, 2013ReportNominate
Tags:Clickable Quiz, 90210

Top Quizzes Today


Score Distribution

Your Account Isn't Verified!

In order to create a playlist on Sporcle, you need to verify the email address you used during registration. Go to your Sporcle Settings to finish the process.

Report this User

Report this user for behavior that violates our Community Guidelines.

Details: